Normal view
MARC view
- Sanitation
Entry Topical Term
001 - CONTROL NUMBER
- control field: 50721
003 - CONTROL NUMBER IDENTIFIER
- control field: NUST
005 - DATE AND TIME OF LATEST TRANSACTION
- control field: 20210314134730.0
008 - FIXED-LENGTH DATA ELEMENTS
- fixed length control field: 210314|| aca||aabn | a|a d
040 ## - CATALOGING SOURCE
- Original cataloging agency: NUST
- Transcribing agency: NUST
150 ## - HEADING--TOPICAL TERM
- Topical term or geographic name entry element: Sanitation
- Geographic subdivision: India
- Geographic subdivision: Gurgaon (District)
670 ## - SOURCE DATA FOUND
- Source citation: Work cat.: (NUST): Brayne, F. L. 37667, The remaking of village India,, 1929.
